000 00619nam a2200229Ia 4500
003 OSt
005 20221005115151.0
006 a|||||r|||| 00| 0
007 ta
008 221004b |||||||| |||| 00| 0 eng d
024 _a51361
037 _cTextual
040 _aCRL
_cCRL
_beng
041 _2eng
_aeng
082 _aQ4:33, B2-;1-;2
100 _aOldenberg Hermann
245 0 _aBuddha
_b His life, his doctrine, his order, tr from the German by William Hoey
260 _c1882
650 _aRELIGION
942 _hQ4:33, B2-;1-;2
_cTEXL
_2cc
999 _c1033632
_d1033632